00452nam a2200157Ia 4500100001800000650002700018942000700045654001300052245003800065260003300103082001500136300000800151546001200159999001700171952010600188 aDeshmukh/B.H  aElectrical Engineering cBK aElements aElements Of Electrical Technology bNirali prakashanaPunec1984 a621.3bDes a180 aENGLISH c31460d31460 001040708AFTaCRCEbCRCEc1495 | 21d2023-03-17l0o621.3 DespAFT4572r2023-03-17w2023-03-17yBK